| 000 | 02306nam0a2200337 4500 | ||
|---|---|---|---|
| 001 | RU\NLR\bibl\935395 | ||
| 005 | 20260407135730.0 | ||
| 010 |
_a5-86937-062 _9200 |
||
| 035 | _a(NLR Aleph) 000923597 | ||
| 090 |
_a115383 _c115383 |
||
| 100 | _a20060419d2004 |||y0rusy50 ca | ||
| 101 | 0 | _arus | |
| 102 | _aRU | ||
| 105 | _ay ||||||||| | ||
| 200 | 1 |
_aРоман А. П. Платонова "Чевенгур": авторская позиция и контексты восприятия _eмежвузовский сборник научных трудов, [посвященный 50-летию со дня смерти писателя _eпо материалам IV Платонов. чтений _fредкол.: Т.А. Никонова и др.] |
|
| 210 |
_aВоронеж _cВоронежский государственный университет _d2004 |
||
| 215 |
_a223, [1] c. _d20 |
||
| 300 | _aВ надзаг.: Воронеж. гос. ун-т, Филол. фак., Каф. рус. лит. XX века, Лаб. по изуч. мирового лит. процесса XX века | ||
| 320 | _aБиблиогр. в конце тр. | ||
| 604 |
_1700#1$aПлатонов$gАндрей Платонович$bА. П.$f1899 - 1951 _150010$a"Чевенгур"$jСборники$2nlr_sh2$3RU\NLR\AUTH\66860905 _aПлатонов, Андрей Платонович (1899 - 1951) _t"Чевенгур" _jСборники _91892647 _3RU\NLR\AUTH\66860905 |
||
| 604 |
_1700#1$aПлатонов$bА. П.$f1899-1951$gАндрей Платонович$4070 _150010$aЧевенгур: роман$2psbo _aПлатонов, Андрей Платонович (1899-1951) _tЧевенгур: роман |
||
| 686 | _aШ5(2=Р)7-4Платонов | ||
| 702 | 1 |
_aНиконова _bТ. А. _gТамара Александровна _4340 |
|
| 711 | 1 | 2 |
_4070 _aПлатоновские чтения _d4 _f2001 _eВоронеж _3RU\NLR\AUTH\8810082350 _9666882 |
| 712 | 0 | 2 |
_4570 _aВоронежский государственный университет _bКафедра русской литературы XX века _3RU\NLR\AUTH\8810051731 _9603788 |
| 801 | 0 |
_aRU _bNLR _c20060419 _grcr |
|
| 801 | 1 |
_aRU _bNLR _c20060419 |
|
| 830 | _aред. по ЭК РНБ | ||
| 942 | _cBOOK | ||
| 980 | _aNB | ||